[Event "Miercurea Ciuc Bancpost op 19th"]
[Site "Miercurea Ciuc"]
[Date "2016.08.21"]
[Round "7"]
[White "Danciu, Stefan"]
[Black "Gheng, Christian"]
[Result "1/2-1/2"]
[WhiteElo "1777"]
[BlackElo "1740"]
[PlyCount "78"]
[EventDate "2016.08.14"]
[EventType "swiss"]
[EventRounds "7"]
[EventCountry "ROU"]
[SourceTitle "EXT 2020"]
[Source "ChessBase"]
[SourceDate "2019.10.17"]
[SourceVersion "1"]
[SourceVersionDate "2019.10.17"]
[SourceQuality "1"]

1. e4 c5 2. c3 e5 3. f4 Nc6 4. Nf3 d6 5. Bc4 Be6 6. Bxe6 fxe6 7. 0-0 exf4 8. d4 e5 9. Qb3 b6 10. dxe5 dxe5 11. Qe6+ Nge7 12. Nxe5 Nxe5 13. Qxe5 Qb8 14. Qxb8+ Rxb8 15. Bxf4 Rd8 16. Na3 Ng6 17. Bg3 Bd6 18. Bxd6 Rxd6 19. Nb5 Rd2 20. Rf2 Rd7 21. e5 Re7 22. Nd6+ Kd7 23. Rc1 Kc6 24. Nf7 Rhe8 25. e6 Nf8 26. Rd2 Nxe6 27. Ne5+ Kc7 28. Rd7+ Kc8 29. Rxe7 Rxe7 30. Nc6 Rf7 31. g3 Ng5 32. Kg2 Ne4 33. Re1 Nd6 34. b3 Kc7 35. Ne7 Nb5 36. Nd5+ Kc6 37. c4 Nd4 38. Re8 h6 39. Nf4 Kd6 1/2-1/2

[Event "Miercurea Ciuc Bancpost op 19th"]
[Site "Miercurea Ciuc"]
[Date "2016.08.16"]
[Round "3"]
[White "Danciu, Stefan"]
[Black "Beuran, Liviu"]
[Result "1-0"]
[WhiteElo "1777"]
[BlackElo "1651"]
[PlyCount "41"]
[EventDate "2016.08.14"]
[EventType "swiss"]
[EventRounds "7"]
[EventCountry "ROU"]
[SourceTitle "EXT 2020"]
[Source "ChessBase"]
[SourceDate "2019.10.17"]
[SourceVersion "1"]
[SourceVersionDate "2019.10.17"]
[SourceQuality "1"]

1. e4 c6 2. d4 d6 3. f4 Qc7 4. Nf3 Bg4 5. Bd3 Nd7 6. 0-0 e5 7. fxe5 dxe5 8. h3 Bxf3 9. Qxf3 Ngf6 10. c3 Bd6 11. Nd2 b5 12. a4 b4 13. Nc4 Be7 14. dxe5 Nxe5 15. Qg3 Bd6 16. Qxg7 Rg8 17. Qxf6 Nxc4 18. Bxc4 Bc5+ 19. Kh1 Qg3 20. Qxf7+ Kd8 21. Rd1+ 1-0